000109556 001__ 109556
000109556 005__ 20220203145549.0
000109556 037__ $$aTESIS-2022-022
000109556 041__ $$aspa
000109556 080__ $$a070
000109556 1001_ $$aZapater Delgado, Pedro
000109556 24500 $$aLa transformación digital en The Washington Post: estudio cualitativo de la relación entre periodismo y tecnología en la era de Jeff Bezos
000109556 260__ $$aZaragoza$$bUniversidad de Zaragoza, Prensas de la Universidad$$c2020
000109556 300__ $$a317
000109556 4900_ $$aTesis de la Universidad de Zaragoza$$v2021-337$$x2254-7606
000109556 500__ $$aPresentado:  17 01 2020
000109556 502__ $$aTesis-Univ. Zaragoza,  , 2020$$bZaragoza, Universidad de Zaragoza$$c2020
000109556 506__ $$aall-rights-reserved
000109556 520__ $$aDesde hace más de dos décadas, la irrupción de Internet en las salas de redacción comenzó a remover los cimientos de la industria periodística, alteran-do las dinámicas y los procesos informativos que el ámbito digital comenzaba a reclamar. El diario estadounidense The Washington Post fue uno de los medios que, como tantos otros, tuvo que acometer una transformación digital que, a partir de 2013, coincidiendo con la adquisición del periódico por el dueño de Amazon, Jeff Bezos, ha experimentado una notable aceleración de su convergencia digital y la implementación de nuevas estrategias apoyadas en el periodismo de calidad y la tecnología como pilares de un modelo de negocio que explora, a la vez, nuevas vías de ingresos para seguir marcando el futuro de la industria periodística y servir de guía a otros medios de comunicación.<br />
000109556 520__ $$a<br />
000109556 521__ $$97107$$aPrograma de Doctorado en Información y Comunicación
000109556 6531_ $$ahistoria del periodismo
000109556 6531_ $$amedios de comunicacion de masas
000109556 700__ $$aMARTA LAZO, CARMEN$$edir.
000109556 7102_ $$aUniversidad de Zaragoza$$b 
000109556 830__ $$9554
000109556 8560_ $$fcdeurop@unizar.es
000109556 8564_ $$s18014363$$uhttps://zaguan.unizar.es/record/109556/files/TESIS-2022-022.pdf$$zTexto completo (spa)
000109556 909CO $$ooai:zaguan.unizar.es:109556$$pdriver
000109556 909co $$ptesis
000109556 9102_ $$a$$b 
000109556 980__ $$aTESIS